US Army Air Force and US Navy aircraft (1939-2025)) - Statistics

General Stats
  • This quiz has been taken 44 times
    32 since last reset
  • The average score is 36 of 122
Answer Stats
Picture Answer % Correct
Douglas F/A-18 Hornet
81%
Boeing F/A-18 Super Hornet
78%
Lockheed Martin F-35 Lightning II
78%
General Dynamics F-16 Fighting Falcon
74%
Grumman F-14 Tomcat
74%
Lockheed Martin F-22 Raptor
74%
Boeing B-17 Flying Fortress
70%
Douglas F-15 Eagle
70%
Republic A-10 Warthog
70%
Northrop Grumman B-2 Spirit
67%
General Dynamics F-111 Aardvark
63%
Boeing B-29 Superfortress
59%
Boeing B-52 Stratofortress
59%
Consolidated PBY Catalina
59%
Douglas F-4 Phantom II
59%
Bell P-39 Airacobra
56%
Rockwell B-1 Lancer
56%
Douglas F-15E Strike Eagle
52%
North American P-51 Mustang
52%
Consolidated B-24 Liberator
48%
Lockheed P-38 Lightning
48%
North American F-86 Sabre
48%
Northrop F-5 Tiger
48%
Douglas P-40 Warhawk
44%
Lockheed F-104 Starfighter
44%
North American B-25 Mitchell
44%
Boeing EA-18G Growler
41%
Northrop F-20 Tigershark
41%
Vought F4U Corsair
41%
Vought F-8 Crusader
41%
Grumman F6F Hellcat
37%
Grumman F8F Bearcat
37%
Bell P-63 Kingcobra
33%
Brewster F2A Buffalo
33%
Douglas AD-1 Skyraider
33%
Douglas SB2C Helldiver
33%
Grumman E-2 Hawkeye
33%
Lockheed Martin P-3 Orion
33%
Martin B-57 Canberra
33%
North American North American F-100 Super Sabre
33%
Bell P-59 Airacomet
30%
Convair B-36 Peacemaker
30%
Convair B-58 Hustler
30%
Convair F-106 Delta Dart
30%
Grumman A-6 Intruder
30%
Grumman F4F Wildcat
30%
North American F-82 Twin Mustang
30%
Northrop P-61 Black Widow
30%
Vought A-7 Corsair II
30%
Douglas A2D Skyshark
26%
Douglas A-4 Skyhawk
26%
Grumman TBF Avenger
26%
Republic F-105 Thunderchief
26%
Republic F-84 Thunderjet
26%
SBD Dauntless
26%
Convair F-102 Delta Dagger
22%
Douglas P-36 Hawk
22%
Douglas P-40 Tomahawk
22%
Grumman EA-6 Prowler
22%
Grumman F3F
22%
Grumman F7F Tigercat
22%
Grumman F9F Panther
22%
Lockheed F-80 Shooting Star
22%
Martin AM Mauler
22%
B-18 Bolo
19%
Boeing B-47 Stratojet
19%
Boeing B-50 Superfortress
19%
Consolidated PB4Y-2 Privateer
19%
Douglas A-20 Havoc
19%
Douglas A-24 Banshee
19%
Douglas A-26 Invader
19%
Douglas BTD Destroyer
19%
Douglas F3D Skyknight
19%
Douglas F4D Skyray
19%
General Dynamics EF-111 Raven
19%
Grumman F2F
19%
Grumman F9F Cougar
19%
Martin B-26 Marauder
19%
Martin JRM Mars
19%
McDonnell F-101 Voodoo
19%
McDonnell F3H Demon
19%
North American OV-10 Bronco
19%
Northrop F-89 Scorpion
19%
Republic P-47 Thunderbolt
19%
Vought F6U Pirate
19%
Vought OS2U Kingfisher
19%
Vought SB2U Vindicator
19%
Consolidated B-32 Dominator
15%
Consolidated PB2Y Coronado
15%
Douglas A-3 Skywarrior
15%
Douglas B-66 Destroyer
15%
Douglas SO3C Seamew
15%
Grumman F-11 Tiger
15%
Grumman G-21 Goose
15%
Grumman HU-16 Albatross
15%
Grumman J2F Duck
15%
Grumman S-2 Tracker
15%
Martin PBM Mariner
15%
North American A-36 Apache
15%
North American A-5 Vigilante
15%
North American B-45 Tornado
15%
North American F-86D Sabre Dog
15%
North American FJ-1 Fury
15%
North American FJ-2/3 Fury
15%
North American FJ-4 Fury
15%
Republic P-43 Lancer
15%
TBD Devastator
15%
Vought F7U Cutlass
15%
Boeing B-54 Ultrafortress
11%
Brewster SB2A Buccaneer
11%
Douglas SOC Seagull
11%
Lockheed F-94 Starfire
11%
Lockheed Hudson
11%
Lockheed P2V Neptune
11%
Lockheed Ventura/Harpoon
11%
Martin P4M Mercator
11%
McDonnell F2H Banshee
11%
McDonnell FH Phantom
11%
North American A-2 Savage
11%
Republic F-84F Thunderstreak
11%
SC Seahawk
11%
Douglas P-70 Nighthawk
7%
No matching quizzes found
Score Distribution
Percent of People with Each Score
Percentile by Number Answered
Your Score History
You have not taken this quiz since the last reset